=LDR 00000nam 2200000 4500 =001 001091 =005 20250713105606 =035 ##$$a 0010-0725000974 =007 ta =008 250713################a##########0#ind## =020 ##$$a 978-623-307-729-3 =082 ##$$a 398.209 598 =084 ##$$a 398.209 598 KIU s =100 #$$a Kiure, Asha S. =245 1#$$a Siapa yang Mencuri Roti Kami? /$c Asha S. Kiure =250 ##$$a cetakan pertama =260 ##$$a jakarta :$b badan pengembangan dan pembinaan bahasa,$c 2022 =300 ##$$a 20 hlm. : $b ilus. ; $c 22,9 cm$e 398.209 598 =650 #4$$a cerita anak indonesia =856 ##$$a TBM AS SUHADA =990 ##$$a TBM202400775